MDQL
is popping MORE tags! Check the
thread
!
Quizzes
Events
Quiz Creation
Community
Videos
Private Events
Remove Ads
Sign In
Join for FREE
Feedback
Dark Mode
Quiz Categories
Sports
Geography
Music
Movies
Television
Just For Fun
Miscellaneous
History
Literature
Language
Science
Gaming
Entertainment
Religion
Holiday
For Kids
Quiz Lab
Recent
Popular Today
Quiz Kudos Today
Editor Picks
Curator Picks
Quizzes by...
Day
Popularity
Type
Ratings
Length
Year
Community
Subscriptions
Recent Discussions
Orange Saloon
Badges
Playlists
Quests
Create
Leaderboards
Showdown
Live 5
Trivia Bingo
Activity
Puzzle Library
Sporcle Events
Private Events
Virtual Trivia
Globe League
Become a Host
Pub Owners
SporcleCon
Opinionation
Our Games
Videos
Blog
Mobile Apps
Partnerships
Remove Ads and Go Orange
Feedback
Sports
Athletes
MLB
NBA
NHL
NFL
Soccer
Sports Teams
WWE
NCAA
Football
Premier League
Basketball
Baseball
Hockey
Golf
Tennis
Cricket
Rugby
Auto Racing
Olympics
World Cup
Sports
Athletes
MLB
NBA
NHL
NFL
Soccer
Sports Teams
WWE
NCAA
Football
Premier League
Basketball
Baseball
Hockey
Golf
Tennis
Cricket
Rugby
Auto Racing
Olympics
World Cup
Random Quiz
Search Sporcle
×
Quiz Lab
Quiz Lab
Sports
Player
Type in answers that appear in a list
Type in answers that appear in a list
Classic
Best Score? Go Orange.
Played in the EPL for Sheffield United and..... Stats
Can you name the players who played in the EPL for Sheffield United and.....
By
roseman
8m
49 Questions
410 Plays
410 Plays
410 Plays
Comments
Comments
Give Quiz Kudos
Give Quiz Kudos
-
- Ratings
hide this ad
More Info
Forced Order
Answers have to be entered in order
Answers have to be entered in order
Replay
Link that replays current quiz
Next Quiz
Link to next quiz in quiz playlist
You Got
0%
They Got
Avg Score
48%
Avg Friend Score
Upgrade to see
Score Distribution
Jump to the score distribution portion of the page
Score
0/49
Timer
08:00
0
Plays Today
Other Club
Player
% Correct
Bradford City
None
100%
Burnley
None
100%
Cardiff City
None
100%
Charlton Athletic
None
100%
Coventry City
None
100%
Fulham
None
100%
Ipswich Town
None
100%
Swindon Town
None
100%
Brighton and Hove Albion
None
100%
Huddersfield Town
None
100%
Brentford
None
100%
Arsenal
Aaron Ramsdale
92%
Bournemouth
Lys Mousset, Aaron Ramsdale
84.1%
Chelsea
Ethan Ampadu
79.5%
Blackpool
Chris Basham
78.5%
Southampton
Billy Sharp
76.1%
Liverpool
Jack Robinson
74.4%
Swansea City
Ollie McBurnie
74.4%
Everton
Mitch Ward, Paul Gerrard, Phil Jagielka, David Unsworth, Muhamed Besic, Jack Rodwell
62.7%
Leeds United
Paul Beesley, Brian Deane, John Pemberton, Matthew Kilgallon
49.3%
Blackburn Rovers
Alan Kelly, Nathan Blake, Keith Gillespie, Jon Stead, Alan Wright
43.4%
Manchester United
Keith Gillespie, Dean Henderson
42.2%
Wigan Athletic
David Unsworth
36.8%
Newcastle United
Keith Gillespie
36.3%
Sheffield Wednesday
Alan Quinn
35.1%
Other Club
Player
% Correct
Leicester City
Franz Carr, Brian Deane, Ade Akinbiyi, Keith Gillespie
34.4%
Barnsley
Chris Morgan
33.7%
Aston Villa
Franz Carr, Alan Wright, Callum Robinson, Enda Stevens
32.7%
Bolton Wanderers
Franz Carr, Nathan Blake, Chris Basham
32.4%
QPR
Paddy Kenny
30.5%
Hull City
Stephen Quinn
28.8%
Manchester City
Simon Tracey, David Sommeil, Jack Rodwell
28.8%
Sunderland
Matthew Kilgallon, Jon Stead, Jack Rodwell
28.5%
Middlesbrough
Brian Deane, Chris Kamara
26.3%
Stoke City
Michael Tonge
24.9%
Derby County
Claude Davis, Rob Kozluk
22%
West Ham United
David Unsworth, Ravel Morrison
21.5%
Norwich City
Carl Bradshaw, Simon Tracey, Ade Akinbiyi
20.2%
Oldham Athletic
Paul Gerrard
20%
Portsmouth
David Unsworth, Danny Webber
19.5%
Watford
Steven Kabba
18.8%
Crystal Palace
David Tuttle, Mikele Leigertwood
18%
Nottingham Forest
Glyn Hodges, Dean Henderson
17.6%
Wimbledon
Alan McLeary, Simon Tracey
16.8%
Reading
Mikele Leigertwood
16.6%
Tottenham Hotspur
Roger Nilsen, David Tuttle
16.6%
Wolverhampton Wanderers
Nathan Blake
15.4%
West Bromwich Albion
Rob Hulse, Oliver Burke
14.6%
Birmingham City
Ian Bennett
12.9%
Quiz Playlist
Details
Report
Send in Message
Add To Playlist
More Info:
Data correct up until the end of the 22-23 season
Classic:
Type in answers that appear in a list
Forced Order:
Answers have to be entered in order
Last Updated: Jun 24, 2023
Quiz Scoreboard
CHALLENGE
Sign Up to Join the Scoreboard
Show All
Scores
Hide
Comments
May contain spoilers
Recently Published
Holiday 10x10 Sorting Gallery
by lukepisani3
Holiday
15m
Two Season TV Shows II
by 123Four
Television
10m
Image Sorting: Flags VI
by Barbecue
Geography
2m
More to Explore
Quiz From the Vault
Featured Blog Post
14 Easter Pick-up Lines to Find Eggs With
hide this ad
You Might Also Like...
Tags
club
Player
sheffield
Sheffield United
Today's Top Quizzes in Sports
Browse Sports
hide this ad
Today's Top Quizzes in Player
Browse Player
Top Contributed Quizzes in Sports
1
Les meilleurs buteurs des matchs entre le PSG et l’OM
2
Les entraîneurs de l'OM et du PSG au 21e siècle
3
2022 World Cup Stars
4
Les joueurs passés par le PSG et l'OM
5
Players with Multiple 50 Home Run Seasons
6
FIFA Club World Cup Champions
7
Top 10 NHL Goal Scorers of All Time
8
Les joueurs passés par le LOSC et le RC Lens
9
Criteria MLB: Left Handed Sluggers
10
2023 MLB Unique Player Accomplishments
Explore More
Trending Topics
NBA
Crossword
Kpop
Anime
Harry Potter
Marvel
Disney
Puzzle
The Office
Country
Song
NFL
Pokémon
Soccer
WWE
hide this ad
More By:
roseman
Quiz
Plays
Rating
Category
Featured
Created
Played in the EPL for Arsenal and.....
6,488
4.50
Sports
Dec 19, 2016
Chelsea Premier League Goal Scorers
3,890
4.25
Sports
Mar 1, 2010
Every Premier League Footballer - A Quiz
2,256
5.00
Sports
Mar 27, 2016
Every Premier League Footballer - G Quiz
1,982
4.78
Sports
Apr 25, 2013
Every Premier League Footballer - H Quiz
1,831
5.00
Sports
Aug 14, 2013
Go to Creator's Profile
Score Distribution
Quiz Creator Spotlight
roseman
Follow
Send a Message
Quizzes Created
-
Created Quiz Play Count
-
More By This Creator
Popular Quizzes Today
1
Find the US States - No Outlines Minefield
2
Colored Red Africa Blitz
3
Find the 'City' Movie
4
The Countries of the World
5
5x2 Blitz: Bands
6
Find the Countries of Europe - No Outlines Minefield
7
Find the US States
8
US States
More Sports Quizzes
'H' NBA Surnames by First 3 Letters
Quiz Lab
Trending Quizzes
Colored Red Europe Blitz I
Colored Red Europe Blitz II
Colored Red Africa Blitz II
Even More Two Season TV Shows
Colored Red Africa Blitz III
Recently Updated
Odd Team Out - Big 4 Players
pecheneg
Quick Pick: 20 Twenties
pecheneg
March Madness Men's Triple Doubles
pecheneg
How Do You Spell That?
pecheneg
Godzilla Movies
pecheneg
Grab Bag: 4-10 Letters
pecheneg
2024 March Madness Bracket
pecheneg
Famous TV Couples
Peacemaker
Champions League XIs: Real Madrid
pecheneg
Largest US Cities 1790-2010
pecheneg
Trending Topics
Anime
NBA
Kpop
Disney
Crossword
Harry Potter
Marvel
Country
NFL
Song
Soccer
The Office
Pokémon
Puzzle
WWE
Your Account Isn't Verified!
In order to create a playlist on Sporcle, you need to verify the email address you used during registration. Go to your
Sporcle Settings
to finish the process.
Report this User
Report this user for behavior that violates our
Community Guidelines
.
Details:
Send Report
Go to the Sporcle.com Mobile Site →
Comments